1966 1528 1261 1802 1925 1242 1976 1626 1813 1157 1109 1670 1193 1745 1166 1240 1218 1954 1044 1929 1268 1290 1932 1253 1462 1808 1057 1534 1025 1245 1559 1323 1254 1255 1030 1267 1355 1543 1472 1032 1207 1505 1317 1516 1318 1535 1246 1654 1133 1799 1093 1463 1623 1737 1802 1028 1609 1274 1573 1269 1551 1769 1661 1298 1332 1959 1163 1875 1426 1881 1380 1237 1443 1916 1302 1909 1989 1651 1100 1444 1047 1858 1823 1997 1343 1478 1787 1712 1226 1247 1812 1381 1834 1450 1982 1367 1295 1239 1958 BCNSPRNW ULIB Ver.6.0+V

เปลี่ยนเป็นภาษาไทย

Change to English
 แสดงรายละเอียดบรรณานุกรม
  กลับหน้าหลัก

Brief Record : Get Marc (ISO 2709) : E-mail record : QR code < ปิดหน้าต่าง
LEADER : 00000nam 2200000uu 4500
001    13399114114
003     ULIB
008    120110s||||||||th 000 0 tha d
099    วจ.WB935^bก172พ
100 0  ส่งศรี กิตติรักษ์ตระกูล
245 00 พัฒนาการการผลิตกำลังคนผู้ให้บริการด้านการแพทย์แผนไทย ของวิทยาลัยในสังกัดสถาบันพระบรมราชชนก และการสำรวจสถานการณ์กำลังคนผู้ให้บริการด้านการแพทย์แผนไทยในโรงพยาบาลของรัฐ/^cส่งศรี กิตติรักษ์ตระกูล,ไพบูลย์ ชาวสวนศรีเจริญ,กนกกร มอหะหมัด และ ไฟศอล มาหะมะ
260    นนทบุรี :^bสถาบันพระบรมราชชนก,^c2553
300    186 หน้า :^bตาราง
500    รายงานการวิจัย
650  7 การบริหารการแพทย์แผนไทย^xการศึกษา^xวิจัย
650  7 แพทย์แผนไทย^xวิจัย
700 02 ไพบูลย์ ชาวสวนศรีเจริญ
700 02 กนกกร มอหะหมัด
700 02 ไฟศอล มาหะมะ
710    สถาบันพระบรมราชชนก
945    ^p0^l0^i031000
995    ทศพร
999 ^a ทศพร
รายการนี้ยังไม่มีแท็ก
คุณยังไม่ได้ล็อกอิน คุณสามารถมีกิจกรรมร่วมกับเว็บไซต์ได้ แต่ต้องล็อกอินก่อน ::
  ล็อกอิน

รายการสื่อสารสนเทศ

ลำดับที่ ประเภท เลขเรียก/บาร์โค้ด สถานที่ สถานะ
1. งานวิจัย
งานวิจัย
วจ.WB935 ก172พ ฉ.1 
  Barcode: 031000
ห้องสมุดวิทยาเขตสวรรค์ประชารักษ์
►วิจัย
บนชั้น

รายการใกล้เคียง
    ผู้แต่ง [ส่งศรี กิตติรักษ์ตระกูล]

BibComment


ยังไม่เคยถูกคอมเมนท์

คอมเมนท์ทรัพยากรรายการนี้
  คอมเมนท์: พัฒนาการการผลิตกำ..


 Copyright 2026. Bcnsprnw @Library